000
00327 a2200157 4500
001
191198
020
_a
040
_c
Magnum
100
_a
Garcia, Maria da Conceição Torres
240
1
0
_a
Luz na noite
_l
por
245
1
0
_a
Luz na noite
300
_a
23
362
0
_a
1991
697
_a
LITERATURA INFANTIL
942
_c
BK
999
_c
191198
_d
191198